Library Banner

Jannat jin ki muntazir he = جنت جن کی منتظر ہے / (Record no. 134132)

MARC details
000 -LEADER
fixed length control field 00495nam a22001457a 4500
005 - DATE AND TIME OF LATEST TRANSACTION
control field 20240520120143.0
008 - FIXED-LENGTH DATA ELEMENTS--GENERAL INFORMATION
fixed length control field 240520b ||||| |||| 00| 0 eng d
040 ## - CATALOGING SOURCE
Transcribing agency PK-LaUMT
082 ## - DEWEY DECIMAL CLASSIFICATION NUMBER
Classification number APC 297.4
Item number ALI-J
100 ## - MAIN ENTRY--PERSONAL NAME
Personal name Ali Asghar Chaudhary = علی اصغر چوہدری
245 ## - TITLE STATEMENT
Title Jannat jin ki muntazir he = جنت جن کی منتظر ہے /
Statement of responsibility, etc by Ali Asghar Chaudhary = علی اصغر چوہدری
260 ## - PUBLICATION, DISTRIBUTION, ETC. (IMPRINT)
Place of publication, distribution, etc Lahore :
Name of publisher, distributor, etc Al-Faisal Nashran,
Date of publication, distribution, etc 2009
300 ## - PHYSICAL DESCRIPTION
Extent 86 p.
942 ## - ADDED ENTRY ELEMENTS (KOHA)
Koha item type Books
Holdings
Withdrawn status Lost status Damaged status Home library Current library Date acquired Full call number Barcode Date last seen Price effective from Koha item type
      UMT Main Campus UMT Main Campus 2024-05-20 APC 297.4 ALI-J 146754 2024-05-20 2024-05-20 Books